Estatísticas para Os 15 principais países com mortes por Covid19 - 31 janeiro

Clique aqui para jogar o quiz

Estatísticas Gerais

  • Esse quiz foi jogado 5 vezes
  • A pontuação média é 17 de 24

Estatísticas das Respostas

país% Correto
Alemanha
100%
Argentina
100%
Brasil
100%
Espanha
100%
Estados Unidos
100%
Índia
100%
México
100%
Peru
100%
Portugal
100%
Reino Unido
100%
Rússia
100%
Bélgica
80%
Colômbia
80%
França
80%
Itália
80%
África do Sul
60%
Chequia
60%
Croácia
40%
Eslovénia
40%
Irão
40%
Bulgária
20%
Bósnia e
Herzegovina
0%
Hungria
0%
Macedónia
do Norte
0%

Distribuição das Pontuações

Percentil de Números Respondidos

Porcentagem de Pessoas com Cada Pontuação

Sua Pontuação Histórica

Você não jogou esse quiz